| 000 | 00406nam a2200157Ia 4500 | ||
|---|---|---|---|
| 008 | 230917s9999||||xx |||||||||||||| ||und|| | ||
| 040 |
_e186194 _aMAIN |
||
| 041 | _aEnglish | ||
| 082 | _a005.74 B345D(3) | ||
| 100 | _aBayross, Ivan | ||
| 245 | 0 | _aDatabase concepts and systems for students | |
| 250 | _a3rd ed. | ||
| 260 |
_aNew Delhi _bShroff Publishers _c2010 |
||
| 300 | _axiv, 335 p. | ||
| 942 | _cBK | ||
| 999 |
_c161982 _d161982 |
||